00492 2200217 4500001002100000008004100021035002000062245002900082100001900111250000600130260003000136084001400166082000800180650001400188990001200202990001200214990001200226990001200238990001200250990001200262INLIS000000000001528 ind  a0010-0125000026 aAstronomicRobbin Kerrod aKerrod, Robbin a1 aJakarta :bErlanggac1999 a520 ROB a a520 aNon Fiksi a0714066 a0714067 a0714068 a0714069 a0714070 a0714071